Elevate surveying (Record no. 107581)

MARC details
000 -LEADER
fixed length control field 01844cam a22002775 4500
001 - CONTROL NUMBER
control field L140954
008 - FIXED-LENGTH DATA ELEMENTS--GENERAL INFORMATION
fixed length control field 071023s2007 xxk of 000 0 eng u
035 ## - SYSTEM CONTROL NUMBER
System control number (Sirsi) u140954
041 0# - LANGUAGE CODE
Language code of text/sound track or separate title eng
050 04 - LIBRARY OF CONGRESS CALL NUMBER
Classification number 333.00711 $2 18
110 2# - MAIN ENTRY--CORPORATE NAME
Corporate name or jurisdiction name as entry element Royal Institution of Chartered Surveyors
9 (RLIN) 4900
245 00 - TITLE STATEMENT
Title Elevate surveying
Remainder of title your path to a great career
-- 2007-08
Medium [electronic resource]
250 ## - EDITION STATEMENT
Edition statement 3rd ed.
260 ## - PUBLICATION, DISTRIBUTION, ETC.
Place of publication, distribution, etc. London
Name of publisher, distributor, etc. Property Week
Date of publication, distribution, etc. 2007
300 ## - PHYSICAL DESCRIPTION
Extent 146p.
Other physical details ill.
Dimensions 22cm.
505 1# - FORMATTED CONTENTS NOTE
Formatted contents note All that you survey: an introduction to the world of surveying -- The profession's future today: RICS matrics -- Reaping the rewards: pay, conditions and perks -- A game of two halves: female surveyors -- The role of a lifetime: a career in surveying can develop and grow -- High tech revolution: technology has revolutionised modern surveying -- Your options are endless: the surveying world is your oyster -- Working with icons: being part of landmark projects -- It's a small world: a career in surveying could open international doors -- Going for gold: involvement of surveyors in the London Olympics -- Choosing the right route to RICS -- APC and ATC -- Specialisms of RICS -- Distance learning -- Apprentice -- Benefits of a RICS-accredited course -- Extreme surveying -- Showcases
520 ## - SUMMARY, ETC.
Summary, etc. A surveying careers guide providing features, advice, career tips and high flyer profiles. Also includes showcases from major graduate recruiters.
520 ## - SUMMARY, ETC.
Summary, etc. Supersedes second edition (L135928).
590 ## - LOCAL NOTE (RLIN)
Local note KA
651 #4 - SUBJECT ADDED ENTRY--GEOGRAPHIC NAME
Geographic name United Kingdom
Chronological subdivision
690 ## - LOCAL SUBJECT ADDED ENTRY--TOPICAL TERM (OCLC, RLIN)
Topical term or geographic name as entry element CAREERS, EDUCATION AND TRAINING
710 2# - ADDED ENTRY--CORPORATE NAME
Corporate name or jurisdiction name as entry element Property Week
9 (RLIN) 1549
710 2# - ADDED ENTRY--CORPORATE NAME
Corporate name or jurisdiction name as entry element Building
9 (RLIN) 1694
856 41 - ELECTRONIC LOCATION AND ACCESS
Uniform Resource Identifier <a href="https://www.rics.org/Careerseducationandtraining/Careersinsurveying/oncourse/JobHelp/elevate.htm">https://www.rics.org/Careerseducationandtraining/Careersinsurveying/oncourse/JobHelp/elevate.htm</a>
Public note View the guide free of charge at www.rics.org...
942 ## - ADDED ENTRY ELEMENTS (KOHA)
Suppress in OPAC 0
Holdings
Withdrawn status Lost status Source of classification or shelving scheme Damaged status Not for loan Home library Current library Shelving location Date acquired Total Checkouts Full call number Barcode Date last seen Copy number Price effective from Koha item type Date last checked out
    Dewey Decimal Classification     London London RICS Boxes 23/10/2007   RICS 2007/53 30072278 06/08/2019 1 06/08/2019 Archive  
    Dewey Decimal Classification     London London RICS Boxes 23/10/2007   RICS 2007/53 30072285 06/08/2019 2 06/08/2019 Reference material  
    Dewey Decimal Classification     London London RICS Boxes 03/04/2008 5 RICS 2007/53 30074484 06/08/2019 3 06/08/2019 Book 05/03/2010